000 01354nam0a22002891 4500
001 v19\rc\2080188
005 20250620032917.0
035 _a(NLR Aleph) 005151036
090 _a4900610
_c4900610
100 _a20081218d1911 |||y0rusy50 ca
101 0 _arus
102 _aRU
105 _aabe z |||||
200 1 _aИллюстрированный практический путеводитель по Москве и окрестностям
_fГригорий Москвич
205 _a5-е изд.
210 _aСанкт-Петербург
_cред. "Путеводителей"
_d[1911]
215 _aXVI, 274, [23] с., 25 л. ил., карт., план.
_d16
300 _aЗагл. обл.: Путеводитель по Москве и окрестностям. 4-е изд.
320 _aБиблиогр.: "Источники и пособия, служившие материалом при составлении "Путеводителя" (с. IX)
512 0 _aПутеводитель по Москве и окрестностям
_e4-е изд.
700 1 _7ca
_8rus
_aМосквич
_bГ. Г.
_f1852-1942
_gГригорий Георгиевич
_9270220
_3RU\NLR\AUTH\770270276
801 0 _aRU
_bNLR
_gpsbo
801 1 _aRU
_bProSoft-M
_2rusmarc
852 _aNLR
_j38.60.8.50
852 _aNLR
_j128/4004
942 _cBOOK
980 _aNB